[Event "Reykjavik op"]
[Site "Reykjavik"]
[Date "2024.03.20"]
[Round "8"]
[White "Stefansson, Vignir Vatnar"]
[Black "Ornolfsson, Magnus P"]
[Result "1-0"]
[WhiteElo "2464"]
[BlackElo "2163"]
[PlyCount "67"]
[EventDate "2024.03.15"]
[EventType "swiss"]
[EventRounds "9"]
[EventCountry "ISL"]
[SourceTitle "CB13_2024"]
[SourceDate "2024.03.27"]
[SourceVersion "1"]
[SourceVersionDate "2024.03.27"]
[SourceQuality "1"]

1. d4 Nf6 2. c4 g6 3. Nc3 Bg7 4. g3 0-0 5. Bg2 d6 6. Nf3 c5 7. 0-0 Nc6 8. d5 Na5 9. Nd2 a6 10. a3 Ng4 11. Qc2 Ne5 12. b3 b5 13. Bb2 Rb8 14. Nd1 e6 15. f4 Ng4 16. Bxg7 Kxg7 17. h3 Qf6 18. Rb1 Qd4+ 19. Kh1 Ne3 20. Nxe3 Qxe3 21. Rf3 Qd4 22. Rd3 Qf6 23. Ne4 Qd8 24. dxe6 bxc4 25. Rxd6 Qc7 26. Qc3+ f6 27. e7 Qxe7 28. Qxa5 Bf5 29. Rbd1 cxb3 30. Nc3 Qe3 31. g4 Bc2 32. Qc7+ Kh6 33. Rxf6 Rh8 34. Bf3 1-0

[Event "Reykjavik op"]
[Site "Reykjavik"]
[Date "2023.04.01"]
[Round "6"]
[White "Kasims, Stefans"]
[Black "Ornolfsson, Magnus P"]
[Result "0-1"]
[WhiteElo "1753"]
[BlackElo "2153"]
[PlyCount "80"]
[EventDate "2023.03.29"]
[EventType "swiss"]
[EventRounds "9"]
[EventCountry "ISL"]
[SourceTitle "CBM 213 Extra"]
[Source "ChessBase"]
[SourceDate "2023.05.31"]
[SourceVersion "1"]
[SourceVersionDate "2023.05.31"]
[SourceQuality "1"]

1. e4 e5 2. Nf3 Nc6 3. Bc4 Bc5 4. b4 Bxb4 5. c3 Bd6 6. d4 h6 7. Qb3 Qe7 8. Nbd2 Nf6 9. 0-0 g5 10. Re1 b6 11. a4 0-0 12. Qc2 Bb7 13. Nf1 Nh5 14. Ne3 Qf6 15. Ng4 Qg7 16. h4 Nf6 17. hxg5 hxg5 18. g3 exd4 19. cxd4 Rfe8 20. Bb2 Nb4 21. Qb1 Nh5 22. d5 Qg6 23. Nd4 Nf6 24. Nxf6+ Qxf6 25. Nf5 Qg6 26. Nxd6 cxd6 27. Qc1 a5 28. Qc3 Re5 29. Qd2 Re7 30. Ra3 Rae8 31. Rf3 Rxe4 32. Rxe4 Rxe4 33. Rf6 Qh5 34. Rf5 Kf8 35. Rxg5 Qf3 36. Rg8+ Kxg8 37. Qg5+ Kf8 38. Bf6 Re1+ 39. Bf1 Rxf1+ 40. Kxf1 Qd1+ 0-1

[Event "Reykjavik op"]
[Site "Reykjavik"]
[Date "2023.03.29"]
[Round "1"]
[White "Ornolfsson, Magnus P"]
[Black "Mons, Leon"]
[Result "0-1"]
[WhiteElo "2153"]
[BlackElo "2514"]
[PlyCount "80"]
[EventDate "2023.03.29"]
[EventType "swiss"]
[EventRounds "9"]
[EventCountry "ISL"]
[SourceTitle "CBM 213 Extra"]
[Source "ChessBase"]
[SourceDate "2023.05.31"]
[SourceVersion "1"]
[SourceVersionDate "2023.05.31"]
[SourceQuality "1"]

1. e4 c5 2. Nf3 d6 3. d4 cxd4 4. Nxd4 Nf6 5. Nc3 Nc6 6. Bg5 e6 7. Qd2 a6 8. 0-0-0 Bd7 9. f3 Nxd4 10. Qxd4 h6 11. Be3 Bc6 12. Bc4 Be7 13. g4 b5 14. Bb3 a5 15. a4 b4 16. Ne2 d5 17. e5 Nd7 18. f4 Nc5 19. f5 Rc8 20. Kb1 Qd7 21. Rhf1 Bxa4 22. fxe6 fxe6 23. Bxa4 Qxa4 24. Nf4 Rf8 25. Nh5 Rxf1 26. Nxg7+ Kd7 27. Rxf1 Ne4 28. Qd3 Nc3+ 29. Kc1 Qa1+ 30. Kd2 Qxb2 31. Nxe6 Ne4+ 32. Kd1 Kxe6 33. Qa6+ Nd6 34. exd6 Qxc2+ 35. Ke1 Bh4+ 36. Bf2 Bxf2+ 37. Rxf2 Qc1+ 38. Ke2 Rc2+ 39. Kf3 Qh1+ 40. Kg3 Qg1+ 0-1

[Event "ISL-chT1 2122"]
[Site "Reykjavik"]
[Date "2022.03.03"]
[Round "6.3"]
[White "Pantzar, Milton"]
[Black "Ornolfsson, Magnus P"]
[Result "1-0"]
[WhiteElo "2427"]
[BlackElo "2163"]
[PlyCount "109"]
[EventDate "2021.09.30"]
[EventType "team-tourn"]
[EventRounds "10"]
[EventCountry "ISL"]
[SourceTitle "EXT 2024"]
[Source "ChessBase"]
[SourceDate "2023.10.10"]
[SourceVersion "1"]
[SourceVersionDate "2023.10.10"]
[SourceQuality "1"]
[WhiteTeam "Taflfelag Gardabaejar"]
[BlackTeam "Breidjablik Bolungarvik"]
[WhiteTeamCountry "ISL"]
[BlackTeamCountry "ISL"]

1. c4 Nf6 2. Nc3 c5 3. g3 g6 4. Bg2 Bg7 5. b3 Nc6 6. Ba3 d6 7. e3 0-0 8. Nge2 Bg4 9. 0-0 Qd7 10. d4 cxd4 11. exd4 Bh3 12. d5 Bxg2 13. Kxg2 Ne5 14. h3 Qc7 15. Nd4 a6 16. Qd2 Rab8 17. Bb2 Rfe8 18. Rfe1 h5 19. a4 h4 20. g4 Qc8 21. f3 Nxc4 22. bxc4 Qxc4 23. Nc2 b5 24. axb5 axb5 25. Ne3 Qb3 26. Reb1 Qb4 27. Ba3 Qf4 28. Ne2 Qh6 29. Ra2 Rec8 30. Qd3 Nd7 31. f4 Nc5 32. Bxc5 Rxc5 33. Ra7 Bf8 34. Ra5 g5 35. Raxb5 Rcxb5 36. Rxb5 Rxb5 37. Qxb5 gxf4 38. Nf5 Qf6 39. Qd3 e6 40. Qd4 e5 41. Qd3 Qd8 42. Nc3 Qb8 43. Ne4 Qb2+ 44. Nf2 Qa2 45. Nxh4 Be7 46. Nf5 Bd8 47. Nxd6 Bb6 48. Nde4 Bd4 49. d6 Qd5 50. g5 Kf8 51. h4 Qe6 52. h5 Qd5 53. h6 f5 54. gxf6 Qg8+ 55. Kf1 1-0

[Event "ISL-chT1 1920"]
[Site "Reykjavik"]
[Date "2019.10.06"]
[Round "5.4"]
[White "Ornolfsson, Magnus P"]
[Black "Arngrimsson, Dagur"]
[Result "0-1"]
[WhiteElo "2194"]
[BlackElo "2372"]
[PlyCount "120"]
[EventDate "2019.10.03"]
[EventType "team-tourn"]
[EventRounds "9"]
[EventCountry "ISL"]
[SourceTitle "CBM 195 Extra"]
[Source "ChessBase"]
[SourceDate "2020.05.31"]
[SourceVersion "1"]
[SourceVersionDate "2020.05.31"]
[SourceQuality "1"]
[WhiteTeam "Breidjablik Bolungarvik"]
[BlackTeam "Skakfelag Selfoss"]
[WhiteTeamCountry "ISL"]
[BlackTeamCountry "ISL"]

1. e4 e5 2. Nf3 Nc6 3. d4 exd4 4. Nxd4 Nf6 5. Nxc6 bxc6 6. Bd3 d5 7. exd5 cxd5 8. 0-0 Be7 9. Bg5 Rb8 10. Nd2 c5 11. b3 Bg4 12. Qe1 0-0 13. f3 Bh5 14. Qh4 Bg6 15. Bxg6 fxg6 16. Qh3 h6 17. Bf4 Rb4 18. c4 Nh5 19. Be5 Bg5 20. Rad1 Rf5 21. Rfe1 Bf6 22. f4 Bxe5 23. fxe5 d4 24. e6 Qe7 25. g4 Nf4 26. Qf3 Rf8 27. Re5 Rb6 28. Rde1 Kh7 29. Qe4 Rf6 30. g5 Nh3+ 31. Kg2 Nxg5 32. Rxg5 hxg5 33. Nf3 Rfxe6 34. Qxe6 Rxe6 35. Rxe6 Qd8 36. Re5 Kh6 37. Rxc5 Qe7 38. Rd5 Qe2+ 39. Kg3 g4 40. Nxd4 Qxa2 41. Kxg4 Qxh2 42. Nf3 Qc2 43. Ng5 Qg2+ 44. Kf4 Qh2+ 45. Ke3 Qg3+ 46. Nf3 Qb8 47. Rb5 Qd6 48. Ne5 Kh7 49. Ke4 Qd1 50. Nf3 Qe2+ 51. Kf4 Kh6 52. Re5 Qb2 53. Rb5 a6 54. Rb6 a5 55. c5 Qc1+ 56. Kg4 Qxc5 57. Rb8 Qf5+ 58. Kg3 g5 59. Rb6+ Kh7 60. Ra6 g4 0-1

[Event "ISL-chT2 1819"]
[Site "Reykjavik"]
[Date "2019.03.01"]
[Round "5.3"]
[White "Danielsen, Henrik"]
[Black "Ornolfsson, Magnus P"]
[Result "1-0"]
[WhiteElo "2493"]
[BlackElo "2221"]
[PlyCount "81"]
[EventDate "2018.11.09"]
[EventType "team-tourn"]
[EventRounds "7"]
[EventCountry "ISL"]
[SourceTitle "CBM 189 Extra"]
[Source "ChessBase"]
[SourceDate "2019.06.03"]
[SourceVersion "1"]
[SourceVersionDate "2019.06.03"]
[SourceQuality "1"]
[WhiteTeam "Skakfelag Selfoss"]
[BlackTeam "Breidjablik Bolungavik II"]
[WhiteTeamCountry "ISL"]
[BlackTeamCountry "ISL"]

1. Nf3 Nf6 2. c4 c5 3. g3 g6 4. Bg2 Bg7 5. 0-0 0-0 6. Nc3 Nc6 7. d4 cxd4 8. Nxd4 Qb6 9. Nc2 d6 10. b3 Ng4 11. Nd5 Qd8 12. Rb1 Be6 13. e4 f5 14. Nf4 Bd7 15. exf5 Bxf5 16. Bd5+ Kh8 17. Ne6 Bxe6 18. Bxe6 Nf6 19. Qe2 Qa5 20. a4 Qh5 21. Qxh5 Nxh5 22. Be3 Bf6 23. f4 Ng7 24. Bd5 e6 25. Be4 Nf5 26. Bf2 Rad8 27. Rbd1 Nfe7 28. b4 d5 29. cxd5 exd5 30. Bg2 b6 31. Rd3 Rd6 32. Re1 Rc8 33. g4 g5 34. fxg5 Bg7 35. Bg3 Rd7 36. b5 Ne5 37. Bxe5 Rxc2 38. Bf6 Ng8 39. Re8 Rc5 40. Be4 h6 41. Rh3 1-0

[Event "ISL-chT1 1819"]
[Site "Reykjavik"]
[Date "2019.02.28"]
[Round "6.2"]
[White "Vigfusson, Vigfus Odon"]
[Black "Ornolfsson, Magnus P"]
[Result "1/2-1/2"]
[WhiteElo "1980"]
[BlackElo "2204"]
[PlyCount "112"]
[EventDate "2018.11.08"]
[EventType "team-tourn"]
[EventRounds "9"]
[EventCountry "ISL"]
[SourceTitle "CBM 189 Extra"]
[Source "ChessBase"]
[SourceDate "2019.06.03"]
[SourceVersion "1"]
[SourceVersionDate "2019.06.03"]
[SourceQuality "1"]
[WhiteTeam "Skakfelagidj Huginn II"]
[BlackTeam "Breidjablik Bolungavik"]
[WhiteTeamCountry "ISL"]
[BlackTeamCountry "ISL"]

1. e4 e5 2. Nf3 Nc6 3. d4 exd4 4. Nxd4 Bc5 5. Be3 Qf6 6. c3 Nge7 7. Bc4 Ne5 8. Be2 Qg6 9. 0-0 d6 10. Kh1 0-0 11. Nd2 Ng4 12. Bf4 Nc6 13. f3 Nge5 14. Nc4 Be6 15. Nxc6 Nxc6 16. b4 Bb6 17. a4 Bxc4 18. Bxc4 a5 19. Qd2 Ne5 20. Bb3 Kh8 21. Be3 Bxe3 22. Qxe3 f5 23. exf5 Qxf5 24. Rfe1 axb4 25. cxb4 Qf4 26. b5 Qb4 27. Bc2 c6 28. Rab1 Qc4 29. Qd2 cxb5 30. Rxb5 Rac8 31. Be4 Qxa4 32. Rxb7 Rcd8 33. Reb1 h6 34. h3 Qa3 35. Qd4 Qc5 36. Qb2 Qe3 37. Qc1 Qxc1+ 38. Rxc1 Rf7 39. Rxf7 Nxf7 40. Bd5 Ne5 41. Kh2 g5 42. Rc7 Rd7 43. Rxd7 Nxd7 44. Kg3 Kg7 45. Be6 Nc5 46. Bd5 Nd3 47. Be4 Nf4 48. h4 d5 49. hxg5 hxg5 50. Bc2 Kf6 51. Kf2 Ke5 52. g3 Ne6 53. Bb3 Kd4 54. f4 gxf4 55. gxf4 Nxf4 56. Bxd5 Nxd5 1/2-1/2

[Event "Reykjavik TR CC-A"]
[Site "Reykjavik"]
[Date "2018.09.12"]
[Round "2"]
[White "Jonsson, Gauti Pall"]
[Black "Ornolfsson, Magnus P"]
[Result "0-1"]
[WhiteElo "2100"]
[BlackElo "2227"]
[PlyCount "62"]
[EventDate "2018.09.09"]
[EventType "tourn"]
[EventRounds "7"]
[EventCountry "ISL"]
[SourceTitle "CBM 186 Extra"]
[Source "ChessBase"]
[SourceDate "2018.08.24"]
[SourceVersion "1"]
[SourceVersionDate "2018.08.24"]
[SourceQuality "1"]

1. e4 d6 2. d4 Nf6 3. Nc3 g6 4. Bg5 Bg7 5. f4 0-0 6. Nf3 c5 7. d5 Qa5 8. Nd2 Ng4 9. Qf3 f6 10. Nc4 Qd8 11. Bh4 g5 12. h3 Ne5 13. fxe5 fxe5 14. Qh5 gxh4 15. Qxh4 b5 16. Nxb5 Rf4 17. Qh5 Rxe4+ 18. Kd1 Nd7 19. g3 a6 20. Nc3 Nf6 21. Qf3 Rd4+ 22. Ke1 Bb7 23. Rd1 e6 24. Ne3 Qe7 25. Bc4 Rf8 26. Qe2 Bh6 27. Rf1 Bxe3 28. Qxe3 Rxc4 29. Qg5+ Qg7 30. Qxg7+ Kxg7 31. dxe6 Rd4 0-1

[Event "ISL-chT 1718"]
[Site "Reykjavik"]
[Date "2017.10.20"]
[Round "2.5"]
[White "Kveinys, Aloyzas"]
[Black "Ornolfsson, Magnus P"]
[Result "1-0"]
[WhiteElo "2535"]
[BlackElo "2248"]
[PlyCount "117"]
[EventDate "2017.10.19"]
[EventType "team-tourn"]
[EventRounds "9"]
[EventCountry "ISL"]
[SourceTitle "CBM 181 Extra"]
[Source "ChessBase"]
[SourceDate "2017.12.12"]
[SourceVersion "1"]
[SourceVersionDate "2017.12.12"]
[SourceQuality "1"]
[WhiteTeam "Víkingaklubburinn"]
[BlackTeam "Bolungarvik"]
[WhiteTeamCountry "ISL"]
[BlackTeamCountry "ISL"]

1. d4 d5 2. c4 e6 3. Nc3 Nf6 4. cxd5 exd5 5. Bg5 Be7 6. e3 c6 7. Bd3 0-0 8. Qc2 Nbd7 9. Nf3 Re8 10. h3 Nf8 11. Bf4 Ng6 12. Bh2 Bd6 13. Bxd6 Qxd6 14. 0-0-0 Bd7 15. g4 c5 16. dxc5 Qxc5 17. g5 Nh5 18. Nd4 Nhf4 19. Bb5 Bxb5 20. Ncxb5 Qxc2+ 21. Nxc2 Ne6 22. Rxd5 a6 23. Nd6 Red8 24. f4 Ne7 25. Rd2 Rd7 26. Rhd1 Rc7 27. Kb1 g6 28. Ne4 Nf5 29. Nf6+ Kg7 30. Nd5 Rd7 31. Nc3 Rxd2 32. Rxd2 Rd8 33. Rxd8 Nxd8 34. Kc1 h6 35. Ne4 hxg5 36. fxg5 Kf8 37. Kd2 Ke7 38. Kd3 Kd7 39. Nf6+ Kd6 40. e4 Nh4 41. Ne1 Ne6 42. Ke3 Nxg5 43. Kf4 Ne6+ 44. Kg4 g5 45. Nh7 Ke5 46. Nxg5 Nxg5 47. Kxg5 Ng6 48. Nd3+ Kd4 49. Nf4 Ne5 50. Kf5 Nf3 51. Ng2 Nd2 52. e5 Nf3 53. h4 Nxe5 54. h5 Ng6 55. h6 Ne7+ 56. Kg5 Ke5 57. Nh4 f6+ 58. Kh5 Nd5 59. h7 1-0

[Event "ISL-chT 1718"]
[Site "Reykjavik"]
[Date "2017.10.19"]
[Round "1.2"]
[White "Ornolfsson, Magnus P"]
[Black "Gretarsson, Helgi Ass"]
[Result "0-1"]
[WhiteElo "2248"]
[BlackElo "2448"]
[PlyCount "58"]
[EventDate "2017.10.19"]
[EventType "team-tourn"]
[EventRounds "9"]
[EventCountry "ISL"]
[SourceTitle "CBM 181 Extra"]
[Source "ChessBase"]
[SourceDate "2017.12.12"]
[SourceVersion "1"]
[SourceVersionDate "2017.12.12"]
[SourceQuality "1"]
[WhiteTeam "Bolungarvik"]
[BlackTeam "Huginn"]
[WhiteTeamCountry "ISL"]
[BlackTeamCountry "ISL"]

1. e4 g6 2. d4 Bg7 3. Nc3 d6 4. Nf3 a6 5. a4 b6 6. Bc4 e6 7. 0-0 Nd7 8. Bg5 Ne7 9. Re1 h6 10. Bh4 Bb7 11. Qd2 g5 12. Bg3 Ng6 13. h3 Nf6 14. e5 Nh5 15. d5 Nxg3 16. dxe6 Nf5 17. exf7+ Kf8 18. Qd3 Nfe7 19. Rad1 Bxf3 20. Qxf3 Nxe5 21. Rxe5 Bxe5 22. Be6 Kg7 23. g3 c6 24. Ne4 Ng6 25. Nxd6 Bxd6 26. Qxc6 Qc7 27. Rxd6 Qxc6 28. Rxc6 Ne5 29. Rc7 Kf6 0-1

[Event "ISL-chT 1617"]
[Site "Reykjavik"]
[Date "2017.03.03"]
[Round "7.3"]
[White "Hreinsson, Hlidar Thor"]
[Black "Ornolfsson, Magnus P"]
[Result "1/2-1/2"]
[WhiteElo "2231"]
[BlackElo "2209"]
[PlyCount "123"]
[EventDate "2016.09.29"]
[EventType "team-tourn"]
[EventRounds "9"]
[EventCountry "ISL"]
[SourceTitle "EXT 2018"]
[Source "ChessBase"]
[SourceDate "2017.10.13"]
[SourceVersion "1"]
[SourceVersionDate "2017.10.13"]
[SourceQuality "1"]
[WhiteTeam "Huginn II"]
[BlackTeam "Bolungarvik"]
[WhiteTeamCountry "ISL"]
[BlackTeamCountry "ISL"]

1. e4 e5 2. Bc4 Nf6 3. d3 Nc6 4. Nf3 Bc5 5. 0-0 0-0 6. c3 d6 7. a4 a5 8. h3 Be6 9. Bb5 Ne7 10. d4 Bb6 11. Bd3 Ng6 12. Be3 Nh5 13. Ng5 Nhf4 14. Nxe6 fxe6 15. Bc2 Qg5 16. Qg4 Qxg4 17. hxg4 Ne2+ 18. Kh2 exd4 19. cxd4 Nxd4 20. Bd1 e5 21. Nd2 Nf4 22. Nc4 Bc5 23. Bxf4 Rxf4 24. f3 b6 25. Re1 Rf6 26. Ne3 c6 27. Nf5 Nxf5 28. gxf5 Bf2 29. Bb3+ d5 30. g4 Bxe1 31. Rxe1 Rd8 32. g5 Rff8 33. exd5 cxd5 34. Rxe5 Kh8 35. Bxd5 Rfe8 36. Rxe8+ Rxe8 37. Kg3 Re5 38. Be6 g6 39. Kf4 Re2 40. b3 Kg7 41. Bc4 Re1 42. Bd5 Re2 43. Be6 gxf5 44. Kxf5 h6 45. gxh6+ Kxh6 46. Kf6 Re3 47. Bd5 Rd3 48. Ke5 Kg7 49. f4 Kf8 50. Ke6 Rd4 51. f5 Rf4 52. f6 Rf2 53. Ke5 Ke8 54. Bc4 Rf3 55. Ke6 Rf4 56. Bd5 Rf2 57. Ke5 Kd7 58. Be6+ Ke8 59. Bc4 Rf3 60. f7+ Ke7 61. Kd4 Kd6 62. Ke4 1/2-1/2

[Event "ISL-chT 1617"]
[Site "Reykjavik"]
[Date "2017.03.02"]
[Round "6.4"]
[White "Ornolfsson, Magnus P"]
[Black "Birkisson, Bjorn Holm"]
[Result "1-0"]
[WhiteElo "2209"]
[BlackElo "2019"]
[PlyCount "105"]
[EventDate "2016.09.29"]
[EventType "team-tourn"]
[EventRounds "9"]
[EventCountry "ISL"]
[SourceTitle "EXT 2018"]
[Source "ChessBase"]
[SourceDate "2017.10.13"]
[SourceVersion "1"]
[SourceVersionDate "2017.10.13"]
[SourceQuality "1"]
[WhiteTeam "Bolungarvik"]
[BlackTeam "Reykjavik II"]
[WhiteTeamCountry "ISL"]
[BlackTeamCountry "ISL"]

1. e4 c5 2. Nf3 d6 3. Nc3 Nf6 4. a3 g6 5. Bc4 Bg7 6. d3 0-0 7. Bg5 a6 8. Qd2 b5 9. Ba2 Re8 10. e5 dxe5 11. Nxe5 e6 12. Qf4 Qd4 13. Ne4 Nbd7 14. Bxf6 Nxe5 15. 0-0 Bb7 16. Bxg7 Kxg7 17. Qf6+ Kg8 18. c3 Qxd3 19. Nxc5 Nd7 20. Qxf7+ Kxf7 21. Nxd3 Kf6 22. Rad1 Rad8 23. Rfe1 e5 24. h3 g5 25. f3 h5 26. Kf2 a5 27. c4 bxc4 28. Bxc4 Bc6 29. b4 Nb6 30. Bb3 axb4 31. Nxb4 Bb5 32. Nd5+ Nxd5 33. Bxd5 Ba4 34. Rd3 Bb5 35. Rd2 Rd6 36. Rdd1 Red8 37. Bb3 Rd2+ 38. Rxd2 Rxd2+ 39. Kg1 Kf5 40. Re4 Bd3 41. g4+ hxg4 42. hxg4+ Kf6 43. Rb4 Rb2 44. Bd5 Rxb4 45. axb4 Ke7 46. Kf2 Kd6 47. Ke3 Bc2 48. Bc4 Bg6 49. Bd3 Be8 50. Be2 Kd5 51. b5 Bd7 52. Bd3 Bc8 53. Bf5 1-0

[Event "ISL-chT 1617"]
[Site "Reykjavik"]
[Date "2016.09.30"]
[Round "2.5"]
[White "Ornolfsson, Magnus P"]
[Black "Thorgeirsson, Jon Kristinn"]
[Result "1/2-1/2"]
[WhiteElo "2209"]
[BlackElo "2102"]
[PlyCount "63"]
[EventDate "2016.09.29"]
[EventType "team-tourn"]
[EventRounds "9"]
[EventCountry "ISL"]
[SourceTitle "EXT 2018"]
[Source "ChessBase"]
[SourceDate "2017.10.13"]
[SourceVersion "1"]
[SourceVersionDate "2017.10.13"]
[SourceQuality "1"]
[WhiteTeam "Bolungarvik"]
[BlackTeam "Akureyri"]
[WhiteTeamCountry "ISL"]
[BlackTeamCountry "ISL"]

1. e4 e5 2. Nf3 Nc6 3. d4 exd4 4. Nxd4 Nf6 5. Nxc6 bxc6 6. Bd3 d5 7. exd5 cxd5 8. 0-0 Be7 9. Bg5 0-0 10. Qf3 Rb8 11. Nd2 h6 12. Bf4 Bd6 13. h3 Rb4 14. Bxd6 Qxd6 15. Rfe1 c5 16. b3 Bb7 17. Qf5 g6 18. Qe5 Qc6 19. c3 Re8 20. Qg3 Rb6 21. a4 Qd6 22. Rxe8+ Nxe8 23. Qe3 Qf8 24. a5 Re6 25. Qf4 Nd6 26. a6 Ba8 27. Ra5 Qc8 28. Qxh6 c4 29. bxc4 dxc4 30. Rh5 gxh5 31. Bh7+ Kh8 32. Bg6+ 1/2-1/2

[Event "ISL-chT 1415"]
[Site "Reykjavik"]
[Date "2014.10.02"]
[Round "1.2"]
[White "Runarsson, Gunnar Freyr"]
[Black "Ornolfsson, Magnus P"]
[Result "1/2-1/2"]
[WhiteElo "2054"]
[BlackElo "2167"]
[PlyCount "76"]
[EventDate "2014.10.02"]
[EventType "team-tourn"]
[EventRounds "9"]
[EventCountry "ISL"]
[SourceTitle "EXT 2015"]
[Source "ChessBase"]
[SourceDate "2014.11.20"]
[SourceVersion "1"]
[SourceVersionDate "2014.11.20"]
[SourceQuality "1"]
[WhiteTeam "Vikingaklubburinn"]
[BlackTeam "Bolungarvik"]
[WhiteTeamCountry "ISL"]
[BlackTeamCountry "ISL"]

1. d4 d5 2. e4 dxe4 3. Nc3 Nf6 4. f3 exf3 5. Nxf3 g6 6. Bc4 Bg7 7. 0-0 0-0 8. h3 Nbd7 9. Bg5 Nb6 10. Bb3 c6 11. Qd2 Nbd5 12. Rae1 Nxc3 13. bxc3 a5 14. a4 Bf5 15. Ne5 Be6 16. Bxe6 fxe6 17. Qd3 c5 18. Qc4 Nd5 19. Rxf8+ Qxf8 20. Rf1 Qc8 21. Qd3 cxd4 22. cxd4 Bxe5 23. dxe5 Qc5+ 24. Kh1 Qc3 25. Qe4 Rc8 26. Bh6 b6 27. Qe2 Qc6 28. c4 Nb4 29. Qf2 Qe8 30. Qxb6 Qd7 31. Qf2 Qe8 32. h4 Nc6 33. Qf4 Rd8 34. Qg4 Nxe5 35. Qxe6+ Nf7 36. c5 Rd4 37. g3 Qa8+ 38. Kg1 Qd5 1/2-1/2

[Event "ISL-chT 1314"]
[Site "Reykjavik"]
[Date "2013.10.12"]
[Round "4.2"]
[White "Ornolfsson, Magnus P"]
[Black "Hardarson, Jon Trausti"]
[Result "1-0"]
[WhiteElo "2169"]
[BlackElo "1930"]
[PlyCount "53"]
[EventDate "2013.10.10"]
[EventType "team-tourn"]
[EventRounds "9"]
[EventCountry "ISL"]
[SourceTitle "EXT 2014"]
[Source "ChessBase"]
[SourceDate "2013.11.20"]
[SourceVersion "1"]
[SourceVersionDate "2013.11.20"]
[SourceQuality "1"]
[WhiteTeam "Bolungarvik"]
[BlackTeam "Fjolnis"]
[WhiteTeamCountry "ISL"]
[BlackTeamCountry "ISL"]

1. e4 c5 2. Nf3 d6 3. c3 Nf6 4. Be2 Nc6 5. d4 cxd4 6. cxd4 d5 7. e5 Ne4 8. 0-0 e6 9. Nc3 Be7 10. Bd3 Nxc3 11. bxc3 Bd7 12. Rb1 Qc7 13. Qe2 Rc8 14. Bg5 Bf8 15. Bd2 h6 16. c4 dxc4 17. Be4 b5 18. Rxb5 Nxd4 19. Nxd4 Bxb5 20. Nxb5 Qd7 21. Nc3 Bb4 22. Rd1 Bxc3 23. Bxc3 Qa4 24. Bc2 Qa3 25. Qd2 0-0 26. Bb4 c3 27. Qd3 1-0

[Event "ISL-chT 1314"]
[Site "Reykjavik"]
[Date "2013.10.10"]
[Round "1.3"]
[White "Ornolfsson, Magnus P"]
[Black "Oskarsson, Aron Ingi"]
[Result "1-0"]
[WhiteElo "2169"]
[BlackElo "1876"]
[PlyCount "77"]
[EventDate "2013.10.10"]
[EventType "team-tourn"]
[EventRounds "9"]
[EventCountry "ISL"]
[SourceTitle "EXT 2014"]
[Source "ChessBase"]
[SourceDate "2013.11.20"]
[SourceVersion "1"]
[SourceVersionDate "2013.11.20"]
[SourceQuality "1"]
[WhiteTeam "Bolungarvik"]
[BlackTeam "Vinaskakfelagid"]
[WhiteTeamCountry "ISL"]
[BlackTeamCountry "ISL"]

1. e4 e5 2. Nf3 Nc6 3. d4 exd4 4. Nxd4 Nf6 5. Nxc6 bxc6 6. Bd3 Be7 7. e5 Nd5 8. Qg4 g6 9. Bh6 d6 10. Qe2 Be6 11. exd6 cxd6 12. 0-0 Bg5 13. Bg7 Rg8 14. Bd4 Bf6 15. Bxf6 Qxf6 16. Nd2 Nf4 17. Qf3 d5 18. Rfe1 Kf8 19. g3 Nh5 20. Qxf6 Nxf6 21. Nb3 Kg7 22. Nc5 Rge8 23. b3 Re7 24. a4 a5 25. f3 Rb8 26. Reb1 Bc8 27. Kf2 Nd7 28. Nxd7 Bxd7 29. Re1 Rbe8 30. Rxe7 Rxe7 31. c3 c5 32. Bb5 Bf5 33. Rd1 Be6 34. Rd2 Kf6 35. Bc6 d4 36. cxd4 cxd4 37. Rxd4 Bxb3 38. Bb5 Rc7 39. g4 1-0

[Event "ISL-chT 1213"]
[Site "Reykjavik"]
[Date "2013.03.01"]
[Round "5.5"]
[White "Danielsen, Henrik"]
[Black "Ornolfsson, Magnus P"]
[Result "1/2-1/2"]
[WhiteElo "2524"]
[BlackElo "2166"]
[PlyCount "148"]
[EventDate "2012.10.05"]
[EventType "team-tourn"]
[EventRounds "7"]
[EventCountry "ISL"]
[SourceTitle "EXT 2014"]
[Source "ChessBase"]
[SourceDate "2013.11.20"]
[SourceVersion "1"]
[SourceVersionDate "2013.11.20"]
[SourceQuality "1"]
[WhiteTeam "Taflfelag Vestmannaeyja"]
[BlackTeam "Taflfelag Bolungarvikur II"]
[WhiteTeamCountry "ISL"]
[BlackTeamCountry "ISL"]

1. c4 Nf6 2. Nc3 e5 3. g3 d5 4. cxd5 Nxd5 5. Bg2 Nxc3 6. bxc3 Bd6 7. Rb1 c6 8. d3 0-0 9. Nf3 Nd7 10. 0-0 Nf6 11. Qc2 h6 12. Nd2 Qe7 13. Nc4 Bc5 14. e4 Rd8 15. a4 b6 16. Ne3 Be6 17. Kh1 Qd7 18. Rd1 Bh3 19. f3 Bxg2+ 20. Kxg2 Bxe3 21. Bxe3 c5 22. a5 Qc6 23. axb6 axb6 24. Qb2 Rd6 25. Kg1 Rad8 26. d4 cxd4 27. cxd4 exd4 28. Rxd4 Nd7 29. Bf4 Rxd4 30. Qxd4 Rc8 31. Be3 Nc5 32. Rc1 Qb5 33. Qc4 Qxc4 34. Rxc4 Ra8 35. Bxc5 Rc8 36. Kf2 bxc5 37. Ke3 Kf8 38. Kd3 Ke7 39. Ra4 h5 40. Ra7+ Ke6 41. Ra6+ Ke7 42. Ra5 g6 43. Kc4 Rd8 44. Rxc5 Rd2 45. h4 Rg2 46. Rg5 Rd2 47. f4 Ra2 48. f5 Kf6 49. e5+ Kg7 50. f6+ Kf8 51. Kd5 Ra5+ 52. Ke4 Ra4+ 53. Kf3 Ra3+ 54. Ke4 Ra4+ 55. Kd5 Ra5+ 56. Kc6 Ra6+ 57. Kb5 Re6 58. g4 hxg4 59. Kc5 Ra6 60. Rxg4 Ra5+ 61. Kd6 Ra6+ 62. Kd5 Ra5+ 63. Ke4 Ra1 64. Rf4 Ke8 65. Kd5 Ra5+ 66. Kd6 Ra6+ 67. Kc7 Ra7+ 68. Kc6 Ra6+ 69. Kc7 Ra7+ 70. Kb6 Ra1 71. Rc4 Kd7 72. Rc7+ Ke6 73. Re7+ Kf5 74. Rxf7 Kxe5 1/2-1/2

[Event "Reykjavik op"]
[Site "Reykjavik"]
[Date "2013.02.25"]
[Round "8"]
[White "Ornolfsson, Magnus P"]
[Black "Eliasson, Kristjan Orn"]
[Result "1-0"]
[WhiteElo "2169"]
[BlackElo "1873"]
[PlyCount "51"]
[EventDate "2013.02.19"]
[EventType "swiss"]
[EventRounds "10"]
[EventCountry "ISL"]
[SourceTitle "CBM 153 Extra"]
[Source "ChessBase"]
[SourceDate "2013.04.22"]
[SourceVersion "1"]
[SourceVersionDate "2013.04.22"]
[SourceQuality "1"]

1. e4 d6 2. d4 Nf6 3. Nc3 g6 4. f4 Bg7 5. Nf3 c6 6. Be2 0-0 7. 0-0 Nbd7 8. e5 Ne8 9. Ne4 Qc7 10. Be3 b6 11. Qe1 h6 12. Qh4 e6 13. g4 Bb7 14. g5 c5 15. Nf6+ Bxf6 16. gxf6 cxd4 17. Bxd4 h5 18. c3 Qc6 19. Rae1 a5 20. Rf2 dxe5 21. fxe5 Nc7 22. Rg2 Qe4 23. Qxh5 Ne8 24. Qh6 Nc5 25. Rg3 Nd3 26. Bxd3 1-0